01184na a2200361 450000100060000000300080000600500170001400800410003102000150007203500100008704000250009704100080012208200220013009000210015210000180017324500470019124600170023825000110025526000440026630000190031050000200032965000290034965000350037865000360041365000300044965100540047965700180053365700320055194200130058395201030059695201080069999900150080716262MIRAKIL20181213155226.0161206b tu 000 0  a9757081167 a16262 aMilasbturcTR-AnCHP atur a361.65bB27s 2007 a361.65 B27s 2007 aBaş, Haydar aSosyal devlet / milli devletcHaydar Baş aMilli devlet a2. bs. aİstanbulbİcmal yayıncılıkc2007 a473 s.c22 sm. aKaynakça var. aDevletxFelsefe ve kuram aMilli devletxFelsefe ve kuram aSosyal devletxTarih ve felsefe aSosyal siyasetzTürkiye aTürkiyexSiyaset ve yönetimySosyal hizmetler aRefah devleti aSosyal devlet politikaları 2ddccBKS a0001b0001d2016-10-02e2l0o361.65 B27s 2007p004462r2016-10-02 00:00:00v0.00w2016-10-02yBKS a0001b0001d2016-12-06e2l0o361.65 B27s 2007p011002r2016-12-06 00:00:00tk.2v0.00w2016-12-06yBKS c8870d8870